Oración que en la solemne fiesta de acción de gracias celebrada por los individuos de la real fábrica de paños de algodón

Detalles Bibliográficos
Autor principal: PAREJO Y CAMPOS, Manuel ( Fray )
Formato: Libro
Publicado: Valencia 1802
Materias:
Colección:Banco de datos
Acervo:Biblioteca del Museo Regional de Querétaro. INAH. Querétaro
Tema general:Homilética
Notas:Regular. 1Q6, 32i. Encuadernada en un mismo volumen con nueve obras más
LEADER 00802nam a22001930004500
035 |a 27266 
036 |a 975 
100 1 |a PAREJO Y CAMPOS, Manuel ( Fray ) 
245 1 0 |a Oración que en la solemne fiesta de acción de gracias celebrada por los individuos de la real fábrica de paños de algodón 
260 |a Valencia  |b José Esteban y Cervera  |c 1802 
500 |a Regular. 1Q6, 32i. Encuadernada en un mismo volumen con nueve obras más 
650 1 0 |a Homilética 
949 |a C.R.Q. 
959 |a Ex convento Grande de San Francisco de la ciudad de Querétaro, Museo Regional de Querétaro  |b CCC2 
960 |a Colección General, Querétaro  |b DD80 
961 |a Varias Ordenes Religiosas  |b VO 
942 |c C.R.Q. 
943 |g Biblioteca del Museo Regional de Querétaro. INAH. Querétaro 
999 |c 983582  |d 983582